000 00878nam a2200253Ia 4500
003 OSt
005 20220923225435.0
006 a|||||r|||| 00| 0
007 ta
008 220922b |||||||| |||| 00| 0 hin d
024 _a268,316
037 _cTextual
040 _aARTS
_cARTS
_bhin
041 _2hin
_ahin
082 _aQ13:22:g, 152N1
100 _aपाण्डेय, ओम्प्रकाश
245 0 _aसामवेदीय ब्राहमणों का परिशीलन
246 _aSāmavedīya brāhamaṇoan kā parishīlana
260 _aबाराबंकी
_b भारत भारती अनुष्ठानम्
_c1991
300 _a382पृ.
_ccm.
650 _aधर्म
942 _hQ13:22:g, 152N1
_cTEXL
_2CC
999 _c378328
_d378328